| 000 | 00471nam a2200193Ia 4500 | ||
|---|---|---|---|
| 008 | 230125s9999 xx 000 0 und d | ||
| 041 | _aeng | ||
| 082 |
_a005.133 _bSCH |
||
| 100 | _aSchildt H | ||
| 245 | _aThe complete reference ''C'' | ||
| 250 | _a4th ed | ||
| 260 |
_c2001 _bTata McGraw Hill _aNew Delhi |
||
| 300 | _a805p | ||
| 500 | _aC programming | ||
| 500 | _aC programming | ||
| 650 | _aComputer Management | ||
| 700 | _aSchildt H | ||
| 999 |
_c90321 _d90321 |
||